000
00335nam a2200133Ia 4500
008
231129s9999||||xx |||||||||||||| ||spa||
020
_a
84-8280-968-7
040
_b
spa
082
_a
U813 H487f
100
_a
Hemingway Ernest
245
0
_a
Fiesta
264
_a
La Oveja Negra
942
_2
ddc
_c
BKS
999
_c
13927
_d
13927